| 000 | 01108nam a22002537a 4500 | ||
|---|---|---|---|
| 999 |
_c17665 _d17665 |
||
| 003 | AR-CdUCM | ||
| 008 | 190509b ||||| |||| 00| 0 spa d | ||
| 040 |
_aMUNICIPALIDAD PROVINCIAL DEL CUSCO _cBIBLIOTECA MUNICIPAL DEL CUSCO |
||
| 041 | _hfre | ||
| 082 |
_a155.7 / _bW21 |
||
| 100 |
_aWallon, Henri _937800 |
||
| 245 |
_aEstudios sobre psicología genética de la personalidad : _bartículos y conferencias / |
||
| 260 |
_aBuenos Aires : _bLautaro, _c1965. |
||
| 300 |
_a183 páginas ; _bfiguras, ilustraciones, _c20 cm. |
||
| 440 |
_aBiblioteca Ciencia del Hombre. _937801 |
||
| 505 | _aContenido: El papel de "otro" en la conciencia del "yo" -- Los medios, los grupos y la psicogénesis del niño -- El estudio psicológico y sociológico del niño -- Las etapas de la sociabilidad en el niño -- Kinestesia e imagen visual del propio cuerpo en el niño ... | ||
| 650 |
_aPsicología _91538 |
||
| 650 |
_aGenética _95063 |
||
| 650 |
_aInfante _933896 |
||
| 700 |
_aDaró, Élida _937802 |
||
| 700 |
_aFrondizi, Susana ... (traductores) _937803 |
||
| 942 |
_2ddc _cLIBROS |
||
| 945 |
_aachl _d2019-05-09 |
||